<?xml version="1.0" encoding="UTF-8"?>
<record
    xmlns:xsi="http://www.w3.org/2001/XMLSchema-instance"
    xsi:schemaLocation="http://www.loc.gov/MARC21/slim http://www.loc.gov/standards/marcxml/schema/MARC21slim.xsd"
    xmlns="http://www.loc.gov/MARC21/slim">

  <leader>00620    a2200157   4500</leader>
  <datafield tag="952" ind1=" " ind2=" ">
    <subfield code="0">0</subfield>
    <subfield code="1">0</subfield>
    <subfield code="4">0</subfield>
    <subfield code="7">0</subfield>
    <subfield code="8">NFIC</subfield>
    <subfield code="a">CCL</subfield>
    <subfield code="b">CCL</subfield>
    <subfield code="c">GEN</subfield>
    <subfield code="d">2020-10-19</subfield>
    <subfield code="e">Purchase</subfield>
    <subfield code="i">17569</subfield>
    <subfield code="l">0</subfield>
    <subfield code="o">HF5626. INT 2012</subfield>
    <subfield code="p">006533</subfield>
    <subfield code="r">2020-10-19 00:00:00</subfield>
    <subfield code="t">C.1</subfield>
    <subfield code="w">2020-10-19</subfield>
    <subfield code="y">BK</subfield>
  </datafield>
  <datafield tag="952" ind1=" " ind2=" ">
    <subfield code="0">0</subfield>
    <subfield code="1">0</subfield>
    <subfield code="4">0</subfield>
    <subfield code="7">0</subfield>
    <subfield code="8">NFIC</subfield>
    <subfield code="a">MCL</subfield>
    <subfield code="b">MCL</subfield>
    <subfield code="c">GEN</subfield>
    <subfield code="d">2013-05-12</subfield>
    <subfield code="i">17570</subfield>
    <subfield code="l">0</subfield>
    <subfield code="o">HF5626 INT 2012</subfield>
    <subfield code="p">006532</subfield>
    <subfield code="r">2021-05-12 00:00:00</subfield>
    <subfield code="t">c.2</subfield>
    <subfield code="w">2021-05-12</subfield>
    <subfield code="y">BK</subfield>
  </datafield>
  <datafield tag="952" ind1=" " ind2=" ">
    <subfield code="0">0</subfield>
    <subfield code="1">0</subfield>
    <subfield code="4">0</subfield>
    <subfield code="7">0</subfield>
    <subfield code="8">NFIC</subfield>
    <subfield code="a">MCL</subfield>
    <subfield code="b">MCL</subfield>
    <subfield code="c">GEN</subfield>
    <subfield code="d">2013-05-12</subfield>
    <subfield code="i">17568</subfield>
    <subfield code="l">0</subfield>
    <subfield code="o">HF5626 INT 2012</subfield>
    <subfield code="p">006534</subfield>
    <subfield code="r">2021-05-12 00:00:00</subfield>
    <subfield code="t">c.3</subfield>
    <subfield code="w">2021-05-12</subfield>
    <subfield code="y">BK</subfield>
  </datafield>
  <datafield tag="952" ind1=" " ind2=" ">
    <subfield code="0">0</subfield>
    <subfield code="1">0</subfield>
    <subfield code="4">0</subfield>
    <subfield code="7">0</subfield>
    <subfield code="8">NFIC</subfield>
    <subfield code="a">MCL</subfield>
    <subfield code="b">MCL</subfield>
    <subfield code="c">GEN</subfield>
    <subfield code="d">2013-05-12</subfield>
    <subfield code="i">17567</subfield>
    <subfield code="l">1</subfield>
    <subfield code="o">HF5626 INT 2012</subfield>
    <subfield code="p">006536</subfield>
    <subfield code="r">2023-09-30 00:00:00</subfield>
    <subfield code="s">2023-09-25</subfield>
    <subfield code="t">c.4</subfield>
    <subfield code="w">2021-05-12</subfield>
    <subfield code="y">BK</subfield>
  </datafield>
  <datafield tag="952" ind1=" " ind2=" ">
    <subfield code="0">0</subfield>
    <subfield code="1">0</subfield>
    <subfield code="4">0</subfield>
    <subfield code="7">0</subfield>
    <subfield code="8">NFIC</subfield>
    <subfield code="a">MCL</subfield>
    <subfield code="b">MCL</subfield>
    <subfield code="c">GEN</subfield>
    <subfield code="d">2013-05-12</subfield>
    <subfield code="i">17574</subfield>
    <subfield code="l">0</subfield>
    <subfield code="o">HF5626 INT 2012</subfield>
    <subfield code="p">006521</subfield>
    <subfield code="r">2021-05-12 00:00:00</subfield>
    <subfield code="t">c.5</subfield>
    <subfield code="w">2021-05-12</subfield>
    <subfield code="y">BK</subfield>
  </datafield>
  <datafield tag="952" ind1=" " ind2=" ">
    <subfield code="0">0</subfield>
    <subfield code="1">0</subfield>
    <subfield code="4">0</subfield>
    <subfield code="7">0</subfield>
    <subfield code="8">NFIC</subfield>
    <subfield code="a">MCL</subfield>
    <subfield code="b">MCL</subfield>
    <subfield code="c">GEN</subfield>
    <subfield code="d">2013-05-12</subfield>
    <subfield code="i">17566</subfield>
    <subfield code="l">0</subfield>
    <subfield code="o">HF5626 INT 2012</subfield>
    <subfield code="p">006535</subfield>
    <subfield code="r">2021-05-12 00:00:00</subfield>
    <subfield code="t">c.6</subfield>
    <subfield code="w">2021-05-12</subfield>
    <subfield code="y">BK</subfield>
  </datafield>
  <datafield tag="999" ind1=" " ind2=" ">
    <subfield code="c">1549</subfield>
    <subfield code="d">1549</subfield>
  </datafield>
  <datafield tag="020" ind1=" " ind2=" ">
    <subfield code="a">9781907877681</subfield>
  </datafield>
  <datafield tag="050" ind1=" " ind2=" ">
    <subfield code="a">HF5626. INT 2012</subfield>
  </datafield>
  <datafield tag="110" ind1=" " ind2=" ">
    <subfield code="a">International Accounting Standards Board</subfield>
  </datafield>
  <datafield tag="245" ind1=" " ind2=" ">
    <subfield code="a">International financial reporting standards :</subfield>
    <subfield code="b"> required for annual reporting periods beginning on 1 January 2013/</subfield>
    <subfield code="c">International Accounting Standards Board.</subfield>
  </datafield>
  <datafield tag="264" ind1=" " ind2=" ">
    <subfield code="a">London:</subfield>
    <subfield code="b">International Accounting Standards Board, </subfield>
    <subfield code="c">2012</subfield>
  </datafield>
  <datafield tag="300" ind1=" " ind2=" ">
    <subfield code="a">2085 pages ; 26 cm</subfield>
  </datafield>
  <datafield tag="500" ind1=" " ind2=" ">
    <subfield code="a">lncludes index</subfield>
  </datafield>
  <datafield tag="650" ind1=" " ind2=" ">
    <subfield code="a"> Financial statements -- Standards</subfield>
  </datafield>
  <datafield tag="650" ind1=" " ind2=" ">
    <subfield code="a">. Accounting -- Standards.</subfield>
  </datafield>
  <datafield tag="942" ind1=" " ind2=" ">
    <subfield code="2">lcc</subfield>
    <subfield code="c">BK</subfield>
    <subfield code="h">5626</subfield>
    <subfield code="i">INT</subfield>
    <subfield code="k">HF</subfield>
  </datafield>
</record>
